| 000 | 01486cam a22003738a 4500 | ||
|---|---|---|---|
| 999 |
_c1615 _d1615 |
||
| 001 | ocn607985483 | ||
| 003 | TZ-ArACH | ||
| 005 | 20180625170649.0 | ||
| 008 | 100408s2010 enk 000 0 eng d | ||
| 015 |
_aGBB049611 _2bnb |
||
| 016 | 7 |
_a015529554 _2Uk |
|
| 020 | _a9780521158404 (pbk.) | ||
| 020 | _a0521158400 (pbk.) | ||
| 035 | _a(OCoLC)607985483 | ||
| 040 |
_aUKM _cTZ-ArACH _dBTCTA _dYDXCP _dFIUCL |
||
| 041 | _aEng | ||
| 049 | _aTZAA | ||
| 050 | 4 |
_aKZ6260 _b.L38 |
|
| 082 | 0 | 4 |
_a341.1 _222 |
| 100 | 1 |
_aLauterpacht, Hersch, _d1897-1960. _94919 |
|
| 240 | 1 | 0 | _aDevelopment of international law by the Permanent Court of International Justice |
| 245 | 1 | 4 |
_aDevelopment of international law by the International Court : _bbeing a revised edition of The development of international law by the Permanent Court of International Justice (1934) / by Hersch Lauterpacht |
| 260 |
_aCambridge [England] : New York : _bCambridge University Press, _c2010. |
||
| 300 |
_axix, 408 p. ; _c24 cm. |
||
| 500 | _aReprint. Originally published: London : Stevens, 1958. | ||
| 500 | _aFirst published by Groutius Publictions, 1982. | ||
| 500 | _aFirst paperback printing 2010. | ||
| 504 | _aIncludes bibliographical references and index. | ||
| 610 | 2 | 0 |
_aPermanent Court of International Justice. _94920 |
| 610 | 2 | 0 |
_aInternational Court of Justice. _94921 |
| 650 | 0 |
_aInternational law _xHistory. _94922 |
|
| 700 | 1 |
_aLauterpacht, Hersch, _d1897-1960. _94923 |
|
| 942 |
_2lcc _cBOOK |
||